000 00997nam a2200205Ia 4500
003 Ost
005 20260507075405.0
008 260507s9999||||xx |||||||||||||| ||und||
040 _cfsecg
041 _aara
082 _a600
100 _aطريح، عادل محمود
_eمؤلف
245 0 _aقرأت في التسويق المعاصر /
_c عادل محمود طريح
260 _aالإسكندرية:
_bمكتبة الوفاء القانونية,
_c2015
300 _a207 صفحة؛
_bإيضاحات ؛
_c23 سم
520 _aيضم التسويق الإلكتروني، البيئة التسويقية والتخطيط الاستراتيجي للتسويق، مقدمة عن التسويق والمزيج التسويقي، بحوث التسويق التوزيع بنظام حق الإمتياز، نقل وتطبيق المعرفة التسويقية، المناطق الحرة
653 _aالتسويق
653 _aالتسويق الإلكتروني
942 _cكتاب
999 _c44296
_d44296